000 00538nam a2200205Ia 4500
005 20250923150123.0
008 008 250917s9999 xx 000 0 eng d
037 _aTextual
040 _aDSWL
_beng
_cDSWL
041 _aeng
_2eng
084 _qDSWL
100 _aVerma, R P
_9842459
245 0 _aPeoples participation in Indian politics
_c by R P Verma
260 _aNew Delhi
_b Rajat Publication India
_c2002
300 _avi+384p.
365 _aINR
_b700
925 _g700
942 _cTEXL
999 _c1459786
_d1459786